000 00517nam a22001697a 4500
003 OST
005 20150827083747.0
008 130810t xxu||||| |||| 00| 0 eng d
020 _a9789715846462
050 _aLB 2157
_b.R333 2007
100 _aReganit, Arnulfo Aaron R.
245 _aField Study 4:
_cArnulfo Aaron R. Reganit, Renato L. Gavino L.
_bExploring the curriculum /
260 _aQUEZON CITY
_bC & E PUBLISHING CO.
_c2007
300 _axi, 32 pages :
_c26 cm.
942 _2lcc
_cBK
_kLOC
999 _c14014
_d14014